LEADER 01312nam a2200313 a 4500 001 000000129783 003 CaOOAMICUS 005 20120724104303.0 008 120724s2002 uk u000 u eng r 020 $a0-521-80205-9 040 $aPUL$bita 082 04$a261 100 1 $aHollenbach, David,$cS.I.$0(OLS)http://pul/name/75093 245 14$aThe common good and Christian ethics /$cDavid Hollenbach. 260 $aCambridge ;$aNew York :$bCambridge University Press,$c2002. 300 $axv, 269 p. ;$c23 cm 490 1 $aNew studies in Christian ethics ;$v22 504 $aBibliografia p. [245]-262. 650 4$aBene comune.$0(OLS)http://pul/subject/12547 650 4$aEtica cristiana.$0(OLS)http://pul/subject/1395 830 0$aNew studies in Christian ethics ;$v22.$0(OLS)http://pul/title/164049 850 $aPUL 852 $aPUL$W1$xSL Religione 3$y85$m261 HOLDA 1$j150242$qDDC 21$B148810$CPULBib$Z2$F148810 $H120563 $82 941 1 $a9 996 $6020$a0-521-80205-9$9(OLS)http://pul/number/150369 996 $6082$a261$9(OLS)http://pul/classification/378 996 $6245$aThe common good and Christian ethics$9(OLS)http://pul/title/164048 996 $6260$aCambridge ;$aNew York :$bCambridge University Press$9(OLS)http://pul/publisher/49618 LEADER 01896nam a2200385 u 4500 001 000000013344 003 CaOOAMICUS 005 20070226105637.0 008 941207m19551965fr u000 u fre u 020 $a2204055573 (t. 4) 035 $a10319725 040 $aPUL(R)$bita$dIPA$dEFR$dBAV 041 1 $afre$agrc 100 0 $aTheodoretus,$cvesc. di Ciro,$dc. 393-458.$0(OLS)http://pul/name/8936 240 10$aEpistulae$9(Theodoretus, vesc. di Ciro, c. 393-458).$lFrancese e greco.$0(OLS)http://pul/title/19280 245 10$aCorrespondance /$cThéodoret de Cyr ; introduction, texte critique, traduction et notes par Yvan Azéma. 260 $aParis :$bCerf,$c1955-1998. 300 $a4 v. ;$c20 cm 490 1 $aSources chrétiennes ;$v40, 98, 111, 429 500 $aComprende indici. 500 $aTesto greco con versione francese a fronte. 505 0 $at. 1-3: Epîtres 1-147 -- t. 4: Collections conciliaires / texte critique de E. Schwartz. 600 04$aTheodoretus,$cvesc. di Ciro,$dc. 393-458.$0(OLS)http://pul/subject/9706 700 1 $aSchwartz, Eduard,$d1858-1940.$0(OLS)http://pul/name/6267 700 1 $aAzéma, Yvan.$0(OLS)http://pul/name/12589 830 0$aSources chrétiennes ;$v40, 98, 111, 429.$0(OLS)http://pul/title/45 850 $aPUL 852 $aPUL$W1$xSL Religione 2$y84$mTheol E3 40.98.111$j18829$nBK-PRI$b $qStampati altre collocazioni$B18829$CPULBib$Z2$F18829 $H $81 852 $aPUL$W1$xSL Religione 2$y84$mTheol E3 429$j18830$nBK-PRI$b $qStampati altre collocazioni$B18830$CPULBib$Z2$F18830 $H $81 941 1 $a10 961 $aINV: 17776,24398,25532 961 $aINV: 88956 996 $6020$a2204055573 (t. 4)$9(OLS)http://pul/number/17069 996 $6245$aCorrespondance$9(OLS)http://pul/title/690 996 $6260$aParis :$bCerf$9(OLS)http://pul/publisher/48238